[Event "60o Campeonato Brasileiro Feminino Final Aberta"]
[Site "Cuiaba MT"]
[Date "2021.10.31"]
[Round "5"]
[Board "12"]
[White "Braga, Debora Abade"]
[Black "Eger, Laura Luisa"]
[Result "0-1"]
[WhiteElo "1480"]
[BlackElo "1767"]
[PlyCount "76"]
[EventDate "2021.10.28"]
[EventRounds "11"]
[EventCountry "BRA"]

1. d4 d5 2. e3 Nf6 3. Bd3 e6 4. Nd2 c5 5. c3 Bd6 6. f4 Nc6 7. Nh3 Bd7 8. O-O
cxd4 9. exd4 Ne7 10. Qe2 O-O 11. Nf3 Ne8 12. Bxh7+ Kxh7 13. Nfg5+ Kg8 14. Qh5
Nf6 15. Qf3 b5 16. Nf2 Nc6 17. Nd3 g6 18. Re1 Kg7 19. Ne5 Nh7 20. Nxh7 Kxh7 21.
f5 Qh4 22. g3 Nxe5 23. dxe5 Bc5+ 24. Kg2 Qh5 25. g4 Qh4 26. Re2 exf5 27. g5
Qg4+ 28. Qxg4 fxg4 29. Bf4 Be6 30. b4 Bb6 31. Rc1 Rac8 32. Ree1 d4 33. Rc2 Bf5
34. Rd2 Rxc3 35. Red1 Rfc8 36. Rxd4 Bxd4 37. Rxd4 R3c4 38. Rd5 Be4+  0-1

[Event "60o Campeonato Brasileiro Feminino Final Aberta"]
[Site "Cuiaba MT"]
[Date "2021.10.31"]
[Round "5"]
[Board "13"]
[White "Do Amaral Vailant, Helena Kether"]
[Black "Flores, Clarice Soares Leite"]
[Result "1/2-1/2"]
[WhiteElo "1414"]
[BlackElo "1656"]
[PlyCount "132"]
[EventDate "2021.10.28"]
[EventRounds "11"]
[EventCountry "BRA"]

1. e4 c5 2. Nc3 Nc6 3. Bb5 Nd4 4. Bd3 g6 5. b3 Bg7 6. Bb2 a6 7. Nf3 e6 8. Nxd4
cxd4 9. Ne2 Qb6 10. O-O Ne7 11. Kh1 d5 12. f3 e5 13. exd5 Nxd5 14. Bc4 Qd6 15.
Re1 O-O 16. a4 Rd8 17. Ng3 f5 18. Qe2 Kh8 19. Ba3 Qf6 20. Qf2 Nf4 21. Ne2 Nxe2
22. Qxe2 Bd7 23. Bb2 Qc6 24. Rec1 e4 25. Qf2 b5 26. axb5 axb5 27. Rxa8 Rxa8 28.
Be2 Qd5 29. Ra1 Rxa1+ 30. Bxa1 Kg8 31. Bd1 d3 32. Bxg7 Kxg7 33. c3 g5 34. Qd4+
Qxd4 35. cxd4 Kf6 36. Kg1 Ke6 37. fxe4 fxe4 38. Kf2 Bc6 39. Ke3 Kf5 40. h3 b4
41. Bg4+ Kf6 42. Bh5 Bd5 43. Bd1 h6 44. g4 Bc6 45. d5 Bxd5 46. Kd4 Ke6 47. Kc5
Ke5 48. Kxb4 Kf4 49. Kc5 Ba8 50. Kd4 Kg3 51. Ke3 Kxh3 52. Kf2 Kh2 53. b4 Bc6
54. Bb3 h5 55. Be6 h4 56. Bf5 h3 57. Be6 Kh1 58. Bf5 Bd5 59. b5 e3+ 60. dxe3 d2
61. Bc2 Bc4 62. b6 Bd3 63. Bd1 Be4 64. Be2 Bd5 65. Bd1 Be4 66. Be2 Bd5  1/2-1/2

[Event "60o Campeonato Brasileiro Feminino Final Aberta"]
[Site "Cuiaba MT"]
[Date "2021.10.31"]
[Round "5"]
[Board "14"]
[White "Zago, Caroline Datora"]
[Black "Almeida, Bianca Martins"]
[Result "1-0"]
[WhiteElo "1634"]
[BlackElo "1262"]
[PlyCount "73"]
[EventDate "2021.10.28"]
[EventRounds "11"]
[EventCountry "BRA"]

1. e4 e5 2. Nf3 Nc6 3. Bc4 Bc5 4. O-O Nf6 5. d4 Bxd4 6. Nxd4 Nxd4 7. f4 d5 8.
exd5 Nxd5 9. fxe5 Nxc2 10. Qxc2 Be6 11. Rd1 c6 12. Nc3 Qb6+ 13. Kh1 Rd8 14.
Nxd5 cxd5 15. Bg5 Rc8 16. Qa4+ Kf8 17. Bxd5 Bxd5 18. Rxd5 f6 19. exf6 gxf6 20.
Rf1 Rc6 21. Qa3+ Kf7 22. Qd3 Qxb2 23. Rd7+ Kf8 24. Rd8+ Kg7 25. Qd7+ Kg6 26.
Qf5+ Kg7 27. Bxf6+ Rxf6 28. Rd7+ Kh6 29. Qxf6+ Qxf6 30. Rxf6+ Kg5 31. Rf2 Rb8
32. Rxh7 a5 33. Rhf7 b5 34. R2f5+ Kg6 35. h4 a4 36. g4 b4 37. R5f6#  1-0

[Event "60o Campeonato Brasileiro Feminino Final Aberta"]
[Site "Cuiaba MT"]
[Date "2021.10.31"]
[Round "5"]
[Board "15"]
[White "Dull, Amanda Paul"]
[Black "Dias, Juliane De Oliveira"]
[Result "0-1"]
[WhiteElo "1847"]
[BlackElo "1673"]
[PlyCount "180"]
[EventDate "2021.10.28"]
[EventRounds "11"]
[EventCountry "BRA"]

1. e4 c5 2. c4 Nc6 3. Nc3 g6 4. g3 Bg7 5. Bg2 d6 6. Nge2 Ne5 7. d3 Bg4 8. O-O
Bf3 9. Qc2 Bxg2 10. Kxg2 Nf6 11. h3 O-O 12. Be3 Nfd7 13. Rab1 Nc6 14. a3 Rc8
15. Qd2 Nd4 16. Bh6 Nb3 17. Qe3 Bd4 18. Qf3 Ne5 19. Qf4 Nxd3 20. Qh4 Bf6 21.
Bg5 Bxg5 22. Qxg5 Ne5 23. Nd5 f6 24. Qe3 Na5 25. b3 Qd7 26. f4 Nf7 27. Nec3 Kg7
28. f5 Rh8 29. Nf4 Nd8 30. Ncd5 Ndc6 31. Rf2 Ne5 32. Rbf1 g5 33. Nh5+ Kf7 34.
Rd2 b5 35. Rfd1 Nb7 36. Qe2 bxc4 37. bxc4 Qa4 38. Rb2 Na5 39. Nxe7 Kxe7 40.
Nxf6 Nexc4 41. Nd5+ Kd7 42. Nf6+ Kc6 43. Rbb1 Rb8 44. Qd3 Qc2+ 45. Qxc2 Ne3+
46. Kg1 Nxc2 47. Nd5 Rxb1 48. Rxb1 Nxa3 49. Rf1 N3c4 50. f6 Nd2 51. Ra1 Nxe4
52. Ne7+ Kd7 53. Rxa5 Ke6 54. Rxa7 Kxf6 55. g4 h5 56. Nf5 hxg4 57. hxg4 Ke5 58.
Ra4 d5 59. Ne7 Rh3 60. Ng6+ Kf6 61. Ra6+ Kg7 62. Ne5 c4 63. Rg6+ Kf8 64. Re6 c3
65. Rc6 Re3 66. Nd7+ Ke7 67. Nb6 Rd3 68. Kf1 d4 69. Nd5+ Kd7 70. Nb4 Rd1+ 71.
Ke2 Rd2+ 72. Kf3 Nd6 73. Rc5 Rb2 74. Nd3 Rd2 75. Nb4 Rb2 76. Nd3 Rb5 77. Rxb5
Nxb5 78. Ke4 c2 79. Kf5 Kd6 80. Ke4 Ke6 81. Nc5+ Kf6 82. Nd3 Nc3+ 83. Kxd4 Ne2+
84. Ke4 c1=Q 85. Nxc1 Nxc1 86. Kd5 Ne2 87. Ke4 Nc3+ 88. Kd4 Nb5+ 89. Ke4 Nd6+
90. Kd4 Nf7  0-1

[Event "60o Campeonato Brasileiro Feminino Final Aberta"]
[Site "Cuiaba MT"]
[Date "2021.10.31"]
[Round "5"]
[Board "16"]
[White "Reis, Virginia Lagrange M."]
[Black "Da Silva, Debora Oliveira Lopes"]
[Result "1-0"]
[WhiteElo "1741"]
[BlackElo "1389"]
[PlyCount "74"]
[EventDate "2021.10.28"]
[EventRounds "11"]
[EventCountry "BRA"]

1. e4 c5 2. Nf3 d6 3. d4 cxd4 4. Nxd4 Nf6 5. f3 e5 6. Bb5+ Nbd7 7. Nf5 a6 8.
Bxd7+ Qxd7 9. c4 Qc6 10. Ne3 Be6 11. b3 b5 12. Na3 Rc8 13. Qd3 Rb8 14. O-O Be7
15. Kh1 O-O 16. Nd5 Rfe8 17. Be3 Bxd5 18. cxd5 Qb7 19. Rac1 Rec8 20. Qd2 Nd7
21. Nc2 Bd8 22. Qf2 Bb6 23. Nb4 Nc5 24. Rfd1 Ra8 25. Nc6 a5 26. h3 Ra6 27. Qe2
b4 28. Bg5 f6 29. Bh4 Kf8 30. Bg3 Nd7 31. Rc2 Raa8 32. Rdc1 Nb8 33. Qb5 Nxc6
34. Rxc6 Rxc6 35. Rxc6 Rb8 36. Rxd6 Ke7 37. Rc6 Kd7  1-0

[Event "60o Campeonato Brasileiro Feminino Final Aberta"]
[Site "Cuiaba MT"]
[Date "2021.10.31"]
[Round "5"]
[Board "17"]
[White "Bokhonok, Tatiana Dos Santos Spin"]
[Black "Sandrim Juliao, Tais"]
[Result "0-1"]
[WhiteElo "1230"]
[BlackElo "1712"]
[PlyCount "218"]
[EventDate "2021.10.28"]
[EventRounds "11"]
[EventCountry "BRA"]

1. d4 Nf6 2. Bf4 b6 3. e3 Bb7 4. Nd2 e6 5. Ngf3 Be7 6. Bd3 O-O 7. h3 d5 8. O-O
Nbd7 9. Ne5 c5 10. c3 Rc8 11. Re1 a6 12. Nxd7 Qxd7 13. e4 cxd4 14. cxd4 Rfd8
15. e5 Ne8 16. Qh5 g6 17. Qh6 Qa4 18. Nf3 Bf8 19. Qh4 Qb4 20. Ng5 h5 21. Be3
Qe7 22. g4 f6 23. Bxg6 fxg5 24. Bxg5 Qg7 25. Bxd8 Qxg6 26. Bxb6 hxg4 27. Qxg4
Qxg4+ 28. hxg4 Bh6 29. Ba5 Bc6 30. Rad1 Bb5 31. Bd2 Bf8 32. Rc1 Rb8 33. b3 Ba3
34. Rc2 Rb7 35. b4 Ba4 36. Rc8 Bb2 37. Ra8 Rb6 38. Be3 Bb5 39. Rb1 Bc3 40. Rb3
Be1 41. Kg2 Kf7 42. Ra7+ Kg6 43. Re7 Ng7 44. Rc7 Bc4 45. Rb2 Bc3 46. Rc2 Ba1
47. a3 Rb8 48. f4 Rh8 49. Bf2 Rf8 50. Kg3 Rh8 51. Kg2 Rf8 52. Be3 Rh8 53. Rc1
Bb2 54. Rh1 Rxh1 55. Kxh1 Bxa3 56. Rb7 Bb5 57. Bd2 Bb2 58. f5+ exf5 59. Rb6+
Kf7 60. g5 Bxd4 61. g6+ Kf8 62. Rb8+ Be8 63. Bf4 Bc3 64. Kg2 Ke7 65. Bg5+ Ke6
66. Bf6 Bxe5 67. Rb6+ Bd6 68. Bxg7 Kd7 69. Rb7+ Kc6 70. Ra7 Bxg6 71. Rxa6+ Kd7
72. b5 f4 73. b6 Be4+ 74. Kf2 Bc5+ 75. Ke1 Kc6 76. Be5 Kb7 77. Ra2 Kxb6 78.
Bxf4 Kb5 79. Rb2+ Kc4 80. Bd2 Bd4 81. Rb4+ Kd3 82. Kd1 Bf3+ 83. Kc1 Bc5 84.
Rb3+ Ke2 85. Rb8 Ba3+ 86. Kc2 Be4+ 87. Kc3 Bd6 88. Rb6 Be5+ 89. Kb3 Kxd2 90.
Re6 Bd4 91. Rh6 Bc2+ 92. Ka3 Kc1 93. Rh1+ Bd1 94. Rf1 Bc5+ 95. Ka2 d4 96. Rf5
Bb4 97. Rb5 Bc3 98. Rb1+ Kd2 99. Rb8 d3 100. Rb7 Bc2 101. Rb8 Kc1 102. Rb2 d2
103. Rb5 d1=Q 104. Rc5 Bb3+ 105. Ka3 Qd6 106. Kxb3 Qxc5 107. Ka2 Qa5+ 108. Kb3
Qb4+ 109. Ka2 Qb2#  0-1

[Event "60o Campeonato Brasileiro Feminino Final Aberta"]
[Site "Cuiaba MT"]
[Date "2021.10.31"]
[Round "5"]
[Board "18"]
[White "Muraoka, Karoline Aimy"]
[Black "Campagnolo, Fabiola"]
[Result "0-1"]
[WhiteElo "1821"]
[BlackElo "1677"]
[PlyCount "74"]
[EventDate "2021.10.28"]
[EventRounds "11"]
[EventCountry "BRA"]

1. e4 c5 2. Nf3 a6 3. d4 cxd4 4. Nxd4 e5 5. Nf5 d5 6. Ng3 d4 7. Bc4 Qc7 8. Bb3
Nc6 9. O-O Nf6 10. f4 Bd6 11. f5 b5 12. Bg5 Be7 13. c3 Bb7 14. Bxf6 Bxf6 15.
Nh5 Qe7 16. Nxf6+ Qxf6 17. Nd2 O-O 18. Nf3 Rad8 19. Qe2 Rd7 20. g4 Qd6 21. Rad1
Qc5 22. Kh1 Rfd8 23. c4 d3 24. Qf2 Nd4 25. Nd2 Nxb3 26. axb3 Rd4 27. Rfe1 Qb4
28. cxb5 axb5 29. f6 Bxe4+ 30. Nxe4 Rxe4 31. Rxe4 Qxe4+ 32. Qg2 Qxg2+ 33. Kxg2
gxf6 34. Kf3 Kg7 35. Ke3 Kg6 36. Rxd3 Rxd3+ 37. Kxd3 f5  0-1

[Event "60o Campeonato Brasileiro Feminino Final Aberta"]
[Site "Cuiaba MT"]
[Date "2021.10.31"]
[Round "5"]
[Board "19"]
[White "Mayara Sibowicz, Giovanna"]
[Black "Penha, Evelyn Maximiano"]
[Result "0-1"]
[WhiteElo "1683"]
[BlackElo "1672"]
[PlyCount "121"]
[EventDate "2021.10.28"]
[EventRounds "11"]
[EventCountry "BRA"]

1. e4 c5 2. Nf3 d6 3. d4 cxd4 4. Nxd4 Nf6 5. Nc3 a6 6. Be2 e5 7. Nf3 Be7 8. h3
h5 9. Be3 Bd7 10. Nd2 b5 11. a3 Bc6 12. Bf3 Nbd7 13. O-O Rc8 14. Re1 Bb7 15.
Nf1 Nb6 16. Nd2 Nc4 17. Nxc4 Rxc4 18. Be2 Rc8 19. f3 h4 20. Bf2 Nh5 21. Nd5
Bxd5 22. exd5 Nf4 23. Rc1 Bg5 24. Rb1 Qd7 25. Bf1 Rh6 26. Be3 Rg6 27. Kf2 Qb7
28. Qd2 Rf6 29. Red1 Kf8 30. b3 Qd7 31. Kg1 Rg6 32. Kf2 Rf6 33. Kg1 Rg6 34. Kf2
Qd8 35. Rdc1 Qf6 36. Bd3 Rh6 37. c4 bxc4 38. Rxc4 Rxc4 39. Bxc4 e4 40. Be2 exf3
41. Bxf3 Qf5 42. Rd1 Rf6 43. Bxf4 Bxf4 44. Qd3 Bg3+ 45. Kg1 Qc8 46. b4 Kg8 47.
Rf1 Rf5 48. Be2 Rxf1+ 49. Bxf1 Qc7 50. Qe4 Qb6+ 51. Kh1 g6 52. Qc4 Qb7 53. Qc6
Qe7 54. Qxa6 Qe1 55. Qe2 Qa1 56. Qd3 Be5 57. b5 Bc3 58. a4 Qb2 59. Qc4 Bd4 60.
a5 Bc5 61. b6  0-1

[Event "60o Campeonato Brasileiro Feminino Final Aberta"]
[Site "Cuiaba MT"]
[Date "2021.10.31"]
[Round "5"]
[Board "20"]
[White "Brambilla, Renee Blandy T."]
[Black "Bonfim, Regina Rodrigues"]
[Result "1-0"]
[WhiteElo "1671"]
[BlackElo "1702"]
[PlyCount "107"]
[EventDate "2021.10.28"]
[EventRounds "11"]
[EventCountry "BRA"]

1. d4 d5 2. c4 e6 3. Nc3 Nf6 4. Bg5 Be7 5. e3 c6 6. cxd5 exd5 7. Bd3 O-O 8. h3
Nbd7 9. Nf3 b6 10. O-O Bb7 11. Rc1 Rc8 12. Qb3 c5 13. dxc5 Nxc5 14. Qc2 Nce4
15. Bxe4 dxe4 16. Rfd1 Nd5 17. Bxe7 Qxe7 18. Nxd5 Bxd5 19. Qxc8 Be6 20. Qc7
Qxc7 21. Rxc7 exf3 22. Rxa7 fxg2 23. Kxg2 Rb8 24. Rb7 Re8 25. a3 Bb3 26. Rd4 h6
27. Rxb6 Bc2 28. Rbd6 Kh7 29. b4 Ra8 30. Rd2 Ba4 31. R2d5 Bc2 32. Rd2 Ba4 33.
Kg3 Bb5 34. R2d5 Bc4 35. Rc5 Bb3 36. Ra5 Rb8 37. b5 Bc4 38. b6 Be6 39. Rb5 Bc4
40. Rb4 Ba6 41. b7 Be2 42. Rd8 Rxd8 43. b8=Q Rxb8 44. Rxb8 Kg6 45. Rb2 Bc4 46.
a4 f6 47. a5 Kf7 48. Rb6 Ke7 49. a6 Kd7 50. a7 Bd5 51. Ra6 Ba8 52. Kf4 Kc7 53.
Kf5 Kb7 54. Ra1  1-0

[Event "60o Campeonato Brasileiro Feminino Final Aberta"]
[Site "Cuiaba MT"]
[Date "2021.10.31"]
[Round "6"]
[Board "1"]
[White "Librelato, Kathie Goulart"]
[Black "Ichimura G. Barbosa, Larissa Y."]
[Result "1-0"]
[WhiteElo "2165"]
[BlackElo "2007"]
[PlyCount "79"]
[EventDate "2021.10.28"]
[EventRounds "11"]
[EventCountry "BRA"]

1. e4 c5 2. Nf3 d6 3. d4 cxd4 4. Qxd4 a6 5. c4 Nc6 6. Qe3 Nf6 7. Be2 g6 8. h3
Bg7 9. O-O O-O 10. Nc3 Bd7 11. Rd1 b6 12. Rb1 Rc8 13. b3 b5 14. cxb5 axb5 15.
Bxb5 Nb4 16. Bc4 Qa5 17. Bd2 Nc2 18. Qe2 Na3 19. Nb5 Qa8 20. Nxa3 Qxa3 21. Bc1
Qa5 22. Bb2 Bc6 23. e5 Bxf3 24. Qxf3 dxe5 25. a4 Rfd8 26. Bc3 Qc5 27. a5 e4 28.
Qe3 Qh5 29. Rxd8+ Rxd8 30. a6 Bh6 31. Qb6 Rd1+ 32. Rxd1 Qxd1+ 33. Kh2 Bf4+ 34.
g3 Bxg3+ 35. Kxg3 Qg1+ 36. Kf4 Nh5+ 37. Ke3 Qg5+ 38. Ke2 Nf4+ 39. Kd1 Qg1+ 40.
Kc2  1-0

[Event "60o Campeonato Brasileiro Feminino Final Aberta"]
[Site "Cuiaba MT"]
[Date "2021.10.31"]
[Round "6"]
[Board "2"]
[White "Terao, Juliana Sayumi"]
[Black "Alboredo, Julia"]
[Result "1/2-1/2"]
[WhiteElo "2252"]
[BlackElo "2183"]
[PlyCount "108"]
[EventDate "2021.10.28"]
[EventRounds "11"]
[EventCountry "BRA"]

1. e4 c5 2. c3 d5 3. exd5 Qxd5 4. d4 Nc6 5. Nf3 Nf6 6. Bd3 e6 7. Na3 Qd8 8. Nc2
b6 9. O-O Be7 10. Bb5 Bd7 11. dxc5 bxc5 12. Ne3 O-O 13. Ba4 Qc7 14. Nc4 Rad8
15. Re1 Bc8 16. Bd2 Ba6 17. Bb3 Na5 18. Nxa5 Qxa5 19. c4 Qc7 20. Qc1 Bb7 21.
Bf4 Bd6 22. Bxd6 Qxd6 23. Bd1 Ne4 24. Bc2 Nf6 25. Ne5 Qd2 26. Qxd2 Rxd2 27.
Rac1 Rfd8 28. f3 Nh5 29. Kf1 f6 30. Ng4 Kf7 31. Nf2 Nf4 32. Re3 e5 33. Ra3 a6
34. Rb3 R8d7 35. Bf5 Ne6 36. Rb6 R2d6 37. Rxd6 Rxd6 38. Bxe6+ Kxe6 39. Ke2 Rd4
40. Rc3 Kd6 41. Ng4 e4 42. fxe4 Rxe4+ 43. Ne3 f5 44. Kf2 g6 45. Rb3 Kc7 46. Rc3
Rf4+ 47. Ke2 Rh4 48. h3 Re4 49. Kf2 Rf4+ 50. Ke2 Re4 51. Kf2 g5 52. b3 Rf4+ 53.
Ke2 Re4 54. Kf2 Rf4+  1/2-1/2

[Event "60o Campeonato Brasileiro Feminino Final Aberta"]
[Site "Cuiaba MT"]
[Date "2021.10.31"]
[Round "6"]
[Board "3"]
[White "Tamarozi, Isabelle"]
[Black "Frattini, Beatriz Maria"]
[Result "0-1"]
[WhiteElo "1981"]
[BlackElo "1880"]
[PlyCount "98"]
[EventDate "2021.10.28"]
[EventRounds "11"]
[EventCountry "BRA"]

1. e4 c5 2. Nf3 d6 3. d4 cxd4 4. Nxd4 Nf6 5. Nc3 a6 6. Be2 e5 7. Nb3 Be6 8. f4
Be7 9. g4 exf4 10. g5 Nfd7 11. Bxf4 Ne5 12. Qd2 Nbd7 13. O-O-O b5 14. h4 Qc7
15. Kb1 Rc8 16. Nd4 b4 17. Nd5 Bxd5 18. exd5 O-O 19. Nf5 Rfe8 20. Rc1 Bf8 21.
Rhg1 Nb6 22. b3 Ng6 23. Bf3 Qc3 24. h5 Qxf3 25. hxg6 fxg6 26. Nd4 Qxd5 27. Rh1
Re4 28. Be3 Rc3 29. Rh3 Rxd4 30. Qxd4 Qxd4 31. Bxd4 Rxh3 32. Bxb6 Rg3 33. Bd8
Kf7 34. Re1 h5 35. gxh6 gxh6 36. Bc7 Be7 37. c4 bxc3 38. Kc2 Bf6 39. Bxd6 Rg2+
40. Kc1 Rxa2 41. Re4 c2 42. Bf4 Bg5 43. Bxg5 hxg5 44. Rc4 Kf6 45. Kd2 Ra5 46.
Kxc2 Kf5 47. Kd2 Re5 48. b4 g4 49. Rc3 Kf4  0-1

[Event "60o Campeonato Brasileiro Feminino Final Aberta"]
[Site "Cuiaba MT"]
[Date "2021.10.31"]
[Round "6"]
[Board "4"]
[White "Da Cunha, Gabriela Goes"]
[Black "Heinrichs, Vivian"]
[Result "0-1"]
[WhiteElo "1588"]
[BlackElo "1974"]
[PlyCount "142"]
[EventDate "2021.10.28"]
[EventRounds "11"]
[EventCountry "BRA"]

1. e4 c5 2. Nf3 e6 3. d4 cxd4 4. Nxd4 Nc6 5. Nb5 d6 6. Bf4 e5 7. Be3 Nf6 8. Bg5
a6 9. Bxf6 gxf6 10. N5c3 f5 11. Qh5 Nd4 12. Bc4 Nxc2+ 13. Kd2 Qc7 14. Qxf7+
Qxf7 15. Bxf7+ Kxf7 16. Kxc2 fxe4 17. Nd2 Bf5 18. g4 Bxg4 19. Ndxe4 Bf5 20. Kd2
Bh6+ 21. Ke2 d5 22. Nd6+ Ke6 23. Nxf5 Kxf5 24. Nxd5 Rad8 25. Rad1 Ke6 26. Ne3
Rd4 27. Rxd4 exd4 28. Nc2 Bg7 29. Rg1 Be5 30. Rd1 Kd5 31. Ne3+ Ke4 32. Ng4 Bg7
33. f3+ Kf4 34. Nf2 Re8+ 35. Ne4 Rd8 36. Nc5 Re8+ 37. Ne4 h5 38. Rg1 Re7 39.
Rg6 d3+ 40. Kxd3 Bxb2 41. Ke2 Rc7 42. Rg3 Rc2+ 43. Nd2 Bc3 44. Kd3 Rxd2+ 45.
Kxc3 Rxh2 46. Rg7 Rxa2 47. Rxb7 Kxf3 48. Rf7+ Kg4 49. Rg7+ Kh3 50. Kb3 Rg2 51.
Ra7 Rg6 52. Rd7 h4 53. Kc4 Kg4 54. Rd4+ Kh5 55. Rd5+ Rg5 56. Rd6 a5 57. Rd8 h3
58. Rd3 Kg4 59. Kd4 h2 60. Rd1 Kh3 61. Rd3+ Rg3 62. Rd1 Rg1 63. Rd3+ Kg4 64.
Ke3 h1=Q 65. Rd4+ Kg3 66. Rd8 Re1+ 67. Kd2 Rd1+ 68. Kc2 Rxd8 69. Kb2 Qf3 70.
Ka1 Rd2 71. Kb1 Qf1#  0-1

[Event "60o Campeonato Brasileiro Feminino Final Aberta"]
[Site "Cuiaba MT"]
[Date "2021.10.31"]
[Round "6"]
[Board "5"]
[White "Medeiros, Thauane Ferreira"]
[Black "Kikuchi Cadilhac, Mariana Sawae"]
[Result "1-0"]
[WhiteElo "1896"]
[BlackElo "1762"]
[PlyCount "51"]
[EventDate "2021.10.28"]
[EventRounds "11"]
[EventCountry "BRA"]

1. d4 Nf6 2. c4 e6 3. Nf3 Be7 4. Nc3 d5 5. Bf4 O-O 6. e3 Nh5 7. Bg3 Nxg3 8.
hxg3 Nc6 9. Bd3 g6 10. a3 Bf6 11. b4 Rb8 12. cxd5 exd5 13. O-O Ne7 14. Qb3 Be6
15. Rfc1 Rc8 16. Rc2 c6 17. Rac1 Nf5 18. Na4 Nd6 19. Nc5 Qe7 20. b5 cxb5 21.
Nxe6 Qxe6 22. Bxb5 Nxb5 23. Qxb5 b6 24. Rc6 Rxc6 25. Rxc6 Qd7 26. Ne5 {
Planilha ilegÃƒÂ­vel daqui para frente.}  1-0

[Event "60o Campeonato Brasileiro Feminino Final Aberta"]
[Site "Cuiaba MT"]
[Date "2021.10.31"]
[Round "6"]
[Board "6"]
[White "Rodio, Julia Brunetto"]
[Black "Martins De Aguiar, Marina"]
[Result "0-1"]
[WhiteElo "1788"]
[BlackElo "1713"]
[PlyCount "96"]
[EventDate "2021.10.28"]
[EventRounds "11"]
[EventCountry "BRA"]

1. d4 Nf6 2. Nf3 g6 3. g3 Bg7 4. Bg2 O-O 5. O-O d6 6. b3 Nbd7 7. Bb2 c5 8. Nbd2
Rb8 9. e4 cxd4 10. Nxd4 Ne5 11. h3 Bd7 12. Qe2 Nc6 13. N2f3 Qa5 14. Nxc6 Bxc6
15. Nd4 Bd7 16. c4 a6 17. Rac1 b5 18. c5 dxc5 19. Rxc5 Rbc8 20. Rxc8 Rxc8 21.
e5 Ne8 22. Kh2 Nc7 23. Rc1 Rd8 24. b4 Qb6 25. Nc6 Bxc6 26. Rxc6 Qb8 27. Qc2 Ne6
28. f4 Qa7 29. Rc8 Qd7 30. Rxd8+ Qxd8 31. Bc3 Qb6 32. Qd2 Qc7 33. a3 h5 34. Bb2
h4 35. gxh4 Qc4 36. Bc1 Qc7 37. Bb2 Qc4 38. Bc1 Qc7 39. Bb2 Qc4 40. Bc1 Bh6 41.
Qd1 Bxf4+ 42. Bxf4 Qxf4+ 43. Kg1 Qxe5 44. Qc1 Kg7 45. Kh1 Nd4 46. Qc8 Qf6 47.
Qd7 Ne2 48. Qg4 Qa1+  0-1

[Event "60o Campeonato Brasileiro Feminino Final Aberta"]
[Site "Cuiaba MT"]
[Date "2021.10.31"]
[Round "6"]
[Board "7"]
[White "De Souza, Eliana Aparecida"]
[Black "De Freitas, Isabella Ribeiro Conti"]
[Result "0-1"]
[WhiteElo "1673"]
[BlackElo "1863"]
[PlyCount "30"]
[EventDate "2021.10.28"]
[EventRounds "11"]
[EventCountry "BRA"]

1. e4 c5 2. Nc3 g6 3. g3 Bg7 4. Bg2 Nc6 5. d3 Nf6 6. Nge2 Rb8 7. a4 a6 8. O-O
O-O 9. Bf4 d6 10. Qc1 Nb4 11. e5 Nh5 12. exd6 Nxf4 13. dxe7 Nxe2+ 14. Nxe2 Qxe7
15. Nf4 Be5 {Brancas Abandonaram}  0-1

[Event "60o Campeonato Brasileiro Feminino Final Aberta"]
[Site "Cuiaba MT"]
[Date "2021.10.31"]
[Round "6"]
[Board "8"]
[White "Bail, Ellen Larissa"]
[Black "Zago, Caroline Datora"]
[Result "1-0"]
[WhiteElo "1833"]
[BlackElo "1634"]
[PlyCount "55"]
[EventDate "2021.10.28"]
[EventRounds "11"]
[EventCountry "BRA"]

1. d4 Nf6 2. Nf3 g6 3. c4 Bg7 4. Nc3 d6 5. Bg5 O-O 6. e3 Nbd7 7. Be2 Re8 8. Qc2
e5 9. dxe5 Nxe5 10. O-O Ned7 11. Nd2 Nc5 12. b4 Ne6 13. Bh4 Qd7 14. Rac1 a5 15.
Nd5 Nxd5 16. cxd5 Nd4 17. exd4 Rxe2 18. Rce1 Rxe1 19. Rxe1 axb4 20. Re7 Qxe7
21. Bxe7 Bf5 22. Qxc7 Rc8 23. Qxb7 Bxd4 24. h4 Rc1+ 25. Nf1 Kg7 26. Qxb4 Be5
27. Bxd6 Bxd6 28. Qb2+  1-0

[Event "60o Campeonato Brasileiro Feminino Final Aberta"]
[Site "Cuiaba MT"]
[Date "2021.10.31"]
[Round "6"]
[Board "9"]
[White "Eger, Laura Luisa"]
[Black "Nunes, Agatha Hurba"]
[Result "1/2-1/2"]
[WhiteElo "1767"]
[BlackElo "1797"]
[PlyCount "117"]
[EventDate "2021.10.28"]
[EventRounds "11"]
[EventCountry "BRA"]

1. e4 c6 2. d4 d5 3. exd5 cxd5 4. Bd3 Nc6 5. c3 Nf6 6. h3 g6 7. Nf3 Bg7 8. O-O
O-O 9. Re1 Bf5 10. Bxf5 gxf5 11. Bg5 Ne4 12. Bh4 Qb6 13. Qb3 Qxb3 14. axb3 a5
15. Ne5 Nxe5 16. dxe5 Rfe8 17. f3 Nc5 18. Na3 Nxb3 19. Rad1 e6 20. Nb5 Rec8 21.
Bf2 Bf8 22. Bd4 Nxd4 23. Nxd4 Bc5 24. Kh2 Bxd4 25. Rxd4 b5 26. g4 fxg4 27.
Rxg4+ Kh8 28. Rf4 Ra7 29. Rf6 b4 30. cxb4 axb4 31. Kg3 Rc2 32. b3 Rc3 33. Rb1
Rd7 34. Kh4 d4 35. Rf4 Rc8 36. Rd1 Rc3 37. Ra1 Rd8 38. Rd1 Rc7 39. Kh5 Kg8 40.
Kh6 Kf8 41. Rf6 d3 42. Kxh7 Rd4 43. f4 Ke7 44. Kh6 Rc8 45. Kg7 Rf8 46. f5 Rdd8
47. fxe6 Rg8+ 48. Kh6 Rh8+ 49. Kg5 fxe6 50. h4 d2 51. h5 Rd3 52. Rg6 Rd5 53.
Rg7+ Ke8 54. h6 Rxe5+ 55. Kf6 Re2 56. h7 Rf8+ 57. Kg6 Rg2+ 58. Kh6 Rh2+ 59. Kg6
 1/2-1/2

[Event "60o Campeonato Brasileiro Feminino Final Aberta"]
[Site "Cuiaba MT"]
[Date "2021.10.31"]
[Round "6"]
[Board "10"]
[White "Menezes, Grasielle Da Silv"]
[Black "Oliveira, Emanuelle Alves"]
[Result "1-0"]
[WhiteElo "1868"]
[BlackElo "1683"]
[PlyCount "98"]
[EventDate "2021.10.28"]
[EventRounds "11"]
[EventCountry "BRA"]

1. d4 Nf6 2. c4 e6 3. Nf3 d5 4. Bg5 h6 5. Bh4 Be7 6. e3 Ne4 7. Bxe7 Qxe7 8. a3
c6 9. Qc2 Nd7 10. Nc3 f5 11. h4 O-O 12. h5 Rf6 13. Nh4 Nf8 14. O-O-O b6 15.
cxd5 Nxc3 16. Qxc3 cxd5 17. Kb1 Bb7 18. Bd3 Rc8 19. Qd2 Qd6 20. Rdg1 a6 21. g4
fxg4 22. Rxg4 Rf7 23. Rhg1 Rcc7 24. f4 Bc8 25. Qf2 Qe7 26. Ng6 Qf6 27. Nxf8
Kxf8 28. Rg6 Qd8 29. Qg3 b5 30. Be2 Rf6 31. Rxg7 Rxg7 32. Qxg7+ Ke8 33. Qh7 Bd7
34. Rg8+ Rf8 35. Rg7 e5 36. dxe5 Bf5+ 37. Bd3 Bxh7 38. Bxh7 Qh4 39. Bg6+ Kd8
40. e6 Qf6 41. Rd7+ Kc8 42. f5 Rd8 43. Ra7 Kb8 44. Rf7 Qe5 45. e7 Qe4+ 46. Ka1
Re8 47. Rf8 Qxe7 48. Rxe8+ Qxe8 49. Bxe8 Kc7  1-0

[Event "60o Campeonato Brasileiro Feminino Final Aberta"]
[Site "Cuiaba MT"]
[Date "2021.10.31"]
[Round "6"]
[Board "11"]
[White "Campagnolo, Fabiola"]
[Black "Viaro Baccarin, Natalia"]
[Result "0-1"]
[WhiteElo "1677"]
[BlackElo "1865"]
[PlyCount "52"]
[EventDate "2021.10.28"]
[EventRounds "11"]
[EventCountry "BRA"]

1. d4 d5 2. c4 e6 3. Nc3 c6 4. e4 dxe4 5. Nxe4 Bb4+ 6. Nc3 Nf6 7. Nf3 O-O 8.
Bd3 c5 9. a3 Ba5 10. O-O Nc6 11. Ne2 cxd4 12. Nexd4 Nxd4 13. Nxd4 e5 14. Nb3
Bc7 15. f3 Nh5 16. Qc2 f5 17. Bd2 Qh4 18. Be1 Qg5 19. Bd2 Nf4 20. Rf2 Qh4 21.
g3 Nh3+ 22. Kg2 Qh5 23. Re2 e4 24. fxe4 fxe4 25. Bxe4 Qxe2+ 26. Kh1 Rf1+ {ABD}
 0-1